Cuatro hojitas : (Registro nro. 32608)
[ vista simple ]
| 000 -CABECERA | |
|---|---|
| campo fijo de control de longitud | 00849nam a22002537a 4500 |
| 001 - NÚMERO DE CONTROL | |
| campo de control | 32608 |
| 003 - IDENTIFICADOR DEL NÚMERO DE CONTROL | |
| campo de control | AR-RoBPED |
| 005 - FECHA Y HORADE LA ULTIMA TRANSACCION | |
| campo de control | 20260505171412.0 |
| 008 - ELEMENTOS DE LONGITUD FIJA--INFORMACION GENERAL | |
| campo fijo de control de longitud | 260422s1985 ag a|||| |||| 001 0 spa d |
| 020 ## - ISBN | |
| ISBN | 9500100231 |
| 040 ## - FUENTE CATALOGADORA | |
| Centro catalogador/agencia de origen | AR-RoBPED |
| 041 ## - IDIOMA | |
| Código de idioma para texto/pista de sonido o título independiente | spa |
| 100 1# - ENCABEZAMIENTO PRINCIPAL--AUTOR PERSONAL | |
| Nombre de persona | Poirier, María Elena |
| 9 (RLIN) | 30758 |
| 245 1# - TITULO | |
| Título | Cuatro hojitas : |
| Subtítulo | libro de lectura para primer grado / |
| Mención de responsabilidad | Maria Elena Poirier y Laura Elva Veneri con ilustraciones de Juan Carlos Miranda. |
| 260 ## - PUBLICACION | |
| Lugar | Buenos Aires : |
| Editor | Estrada, |
| Fecha | 1985. |
| 300 ## - DESCRIPCION FISICA | |
| Extensión | 77 p. |
| Otros detalles físicos | il. |
| 650 #4 - TERMINO DE MATERIA--CONTROLADO | |
| Término controlado | ARCHIVO INFANTIL |
| 9 (RLIN) | 24464 |
| Término controlado | PRIMER GRADO |
| 9 (RLIN) | 1456 |
| Término controlado | LIBROS DE LECTURA |
| 9 (RLIN) | 15325 |
| 700 ## - ENCABEZAMIENTO SECUNDARIO--AUTOR PERSONAL | |
| Nombre de persona | Veneri, Laura Elba |
| 9 (RLIN) | 30759 |
| Nombre de persona | Miranda, Juan Carlos |
| 9 (RLIN) | 24011 |
| Función | ilust. |
| 942 ## - ELEMENTOS KOHA | |
| Fuente de clasificación | Universal Decimal Classification |
| Número Koha | K. 32608 |
| Koha tipo de ítem | Libro |
| Pre signatura | IA |
| Clasificación | 372.4 |
| Signatura librística | P 74 |
| N° inventario | Inv. 42405 |
| 945 ## - PROCESAMIENTO DE LA INFORMACIÓN LOCAL | |
| Catalogador y fecha | mm 22/04/2026; fd 24/04/2026 |
| Estado retirado | Estado perdido | Fuente de clasificación | Estado dañado | No se presta | Biblioteca propietaria | Biblioteca de reserva | Fecha de adquisición | Procedencia | Total de préstamos | Signatura topográfica completa | Código de barras (nº de inventario) | Fecha visto por última vez | Catalogador y fecha | Tipo de ítem Koha | Nota pública |
|---|---|---|---|---|---|---|---|---|---|---|---|---|---|---|---|
| Universal Decimal Classification | No se presta | Biblioteca Pedagógica Eudoro Díaz | Biblioteca Pedagógica Eudoro Díaz | 17/04/2026 | Donación | IA 372.4 P 74 | 42405 | 22/04/2026 | mm 22/04/2026; fd 24/04/2026 | Libro | No se presta a domicilio |